LDR 00707naa#a2200217#i#450# 001 EN\\bibl\120218 005 20260605031446.5 011 ## _a2500-4026 100 ## _a20230630b2023####ek#y0engy0150####ca 101 0# _aRUS 102 ## _aRU 200 1# _aEMERGENCY ANALYSIS OF OIL AND GAS INDUSTRY FACILITIES _eJournal article 210 1# _aZheleznogorsk _cFSBEE HE Siberian Fire and Rescue Academy EMERCOM of Russia _d2023 215 ## _a5 с. 608 ## _aJournal article _2local 675 ## _aТепловое хозяйство. Природные топлива. 662.6 _zRUS 700 #1 _aIvanov _gD V 700 #1 _aPerevalov _gA S 700 #1 _aStyazhkin _gV V 700 #1 _aSashchenko _gV N 856 4# _aapbt-sibpsa.editorum.ru _u